Statistics for 20 Closest Pairs of Top 250 Cities in different Countries

Click here to take the quiz!

General Stats

  • This quiz has been taken 134 times
  • The average score is 43 of 80

Answer Stats

ANSWER% Correct
Seoul
87%
Amsterdam
86%
Pyongyang
84%
Cologne / Dusseldorf
76%
Vienna
74%
Vancouver
72%
Rotterdam
71%
Seattle
71%
Budapest
69%
Germany
69%
Dhaka
67%
India
67%
South Korea
66%
Japan
65%
Netherlands
65%
China
63%
United States
63%
North Korea
62%
Busan
61%
Canada
61%
Kolkata
61%
Damascus
60%
Tel Aviv-Jaffa
57%
Bangladesh
56%
Austria
55%
Taipei
55%
Hungary
54%
Amman
53%
Kathmandu
51%
Taiwan
48%
Israel
47%
Nepal
46%
Poland
46%
Jordan
45%
Syria
45%
Fukuoka
41%
The Ruhr
34%
Port-au-Prince
32%
Daegu
31%
Santo Domingo
31%
Katowice
30%
Xiamen
25%
Dominican Republic
23%
Haiti
23%
Kaohsiung
23%
Fuzhou
16%
Taichung
14%
Patna
11%

Score Distribution

Percentile by Number Answered

Percent of People with Each Score

Your Score History

You have not taken this quiz